000 00423nam a2200181Ia 4500
001 694
005 20260306140536.0
008 260306t2017||||xx |||||||||||||| ||spa||
041 _aESP
082 _a141.5
_bC91
100 _aCrosby, John F.
_eAUT
245 0 _aEl personalismo de John Henry Newman
260 _c2017
300 _a365 páginas :
_c21 cm.
650 _aGEN
654 _aCHU
942 _cLIB
_dJUS
_fJUS
_2ddc
_n
999 _c694
_d694